Estudios sobre la flora del departamento del Cuzco / (Record no. 13053)

000 -CABECERA
fixed length control field 00713nam a22002177a 4500
003 - IDENTIFICADOR DEL NÚMERO DE CONTROL
control field AR-CdUCM
008 - DATOS DE LONGITUD FIJA--INFORMACIÓN GENERAL
fixed length control field 190411b ||||| |||| 00| 0 spa d
040 ## - FUENTE DE LA CATALOGACIÓN
Agencia/entidad que catalogó originalmente la obra MUNICIPALIDAD PROVINCIAL DEL CUSCO
Entidad que transcribió la catalogación BIBLIOTECA MUNICIPAL DEL CUSCO
082 ## - NÚMERO DE LA CLASIFICACIÓN DECIMAL DEWEY
No. de Clasificación 581.985 /
Notacion interna H56 / 1933
100 ## - ENTRADA PRINCIPAL--NOMBRE DE PERSONA
Nombre Personal Herrera, Fortunato L.
245 ## - MENCIÓN DE TÍTULO
Título Estudios sobre la flora del departamento del Cuzco /
260 ## - PUBLICACIÓN, DISTRIBUCIÓN, ETC.
Lugar de publicación, distribución, etc. Lima :
Nombre de la editorial, distribuidor, etc. Sanmarti,
Fecha de publicación, distribución, etc. 1930.
300 ## - DESCRIPCIÓN FÍSICA
Nº de Páginas Extensión 251 paginas ;
Dimensiones 20 cm.
505 ## - NOTA DE CONTENIDO CON FORMATO
Nota de contenido formateada Contenido :Familias -- Géneros /
650 ## - PUNTO DE ACCESO ADICIONAL DE MATERIA--TÉRMINO DE MATERIA
Descriptor Botánica
9 (RLIN) 2790
650 ## - PUNTO DE ACCESO ADICIONAL DE MATERIA--TÉRMINO DE MATERIA
Descriptor Familia
9 (RLIN) 2366
650 ## - PUNTO DE ACCESO ADICIONAL DE MATERIA--TÉRMINO DE MATERIA
Descriptor Genero
9 (RLIN) 1111
942 ## - ELEMENTOS DE PUNTO DE ACCESO ADICIONAL (KOHA)
Fuente de clasificación
Tipo de item Libros-BMC
945 ## - PROCESAMIENTO DE INFORMACIÓN LOCAL (OCLC)
Catalogador rjall
AAAA-MM-DD - Fecha de ingreso o modificacion 2019-04-11
Holdings
Estado de retiro (separado) Fuente de clasificación o esquema de estanterías Estado dañado Ubicación Sala donde se ubica Nombre de la colección Fecha de adquisición o compra Costo, precio normal en soles Signatura topográfica Código de Barras Última vez visto (Koha) Tipo de ítem (Koha) Número de Ejemplar
No     Sala Cusco Antiguo Sala Cusco Antiguo Book Cart 2019-04-11 35.00 C / 581.985 / H56 / 1933 / t.2 SCA0002662 2019-04-11 Libros-BMC  
No     Sala Cusco Antiguo Sala Cusco Antiguo Book Cart 2019-04-11 35.00 C / 581.985 / H56 / 1933 / t.2 / e.2 SCA0002663 2019-04-11 Libros-BMC  
No     Sala Cusco Antiguo Sala Cusco Antiguo Book Cart 2019-04-11 35.00 C / 581.985 / H56 / 1933 / t.2 / e.3 SCA0002667 2019-04-11 Libros-BMC  
No     Sala Cusco Antiguo Sala Cusco Antiguo Book Cart 2019-04-29 35.00 581.985 / H56 / 1933 / t.2 SCA0003529 2019-04-29 Libros-BMC e.4
No     Sala Cusco Antiguo Sala Cusco Antiguo Book Cart 2019-04-29 35.00 581.985 / H56 / 1933 / t.2 / e.2 SCA0003530 2019-04-29 Libros-BMC e.5
No     Sala Cusco Antiguo Sala Cusco Antiguo Book Cart 2019-04-29 35.00 581.985 / H56 / 1933 / t.2 / e.3 SCA0003531 2019-04-29 Libros-BMC e.2
No     Sala Cusco Antiguo Sala Cusco Antiguo Book Cart 2019-04-29 35.00 581.985 / H56 / 1933 / t.2 / e.4 SCA0003532 2019-04-29 Libros-BMC e.7

Powered by Koha